[Event "Bad Homburg"]
[Site "Bad Homburg"]
[Date "1998.07.23"]
[Round "6"]
[White "Larsen, Bent"]
[Black "Svidler, Peter"]
[Result "1/2-1/2"]
[WhiteElo "2515"]
[BlackElo "2690"]
[Annotator "Wells,P"]
[PlyCount "86"]
[EventDate "1998.07.17"]
[EventType "tourn"]
[EventRounds "9"]
[EventCountry "GER"]
[EventCategory "13"]
[SourceTitle "CBM 066"]
[Source "ChessBase"]
[SourceDate "1998.09.30"]
[SourceVersion "1"]
[SourceVersionDate "1998.09.30"]
[SourceQuality "1"]

1. e4 c5 2. Nf3 Nc6 3. Bb5 g6 4. O-O Bg7 5. Na3 $5 {To the best of my
knowledge this move is a genuine novelty and further testimony, if any were
needed, to Bent Larsen's seemingly inexhaustible quest for the original.
However, the idea - exchanging on c6, advancing the e-pawn to e5 and then
basing operations around the 'strong-pointing' of this pawn and the consequent
cramping effect on black's position - is certainly not new. Indeed, at move 10
we will found ourselves back in 'known territory' -others have pointed there
knight at the c4 square via the more prosaic d3 and Nbd2. My only reservation
about this particular exposition of white's idea is that placing the knight on
c4 loses the option of kicking black's knight from d5. This, it seems to me
hinders white's ability to find a convincing plan once he has done all the
obvious things ( ie about move 13 ). For this reason, I think an alternative,
also relatively rare method of supporting e5 is worth a look. I have,
strangely encountered it twice in my recent praxis:} (5. Re1 Nf6 6. e5 Nd5 7.
b3 $5 (7. Nc3 Nc7 8. Bxc6 dxc6 9. Ne4 {is the main line.}) 7... O-O 8. Bb2 d6
$5 (8... Nc7) 9. Bxc6 bxc6 {[%csl Ge5][%cal Yb2e5,Yf3e5,Ye1e5] White is
offering his key e5 pawn full support, and the ultimate exchange of
dark-squared bishops is not out of the question. Moreover black must take into
account the possibility of white driving his knight from d5. However, this is
not to be rushed!} 10. d3 (10. c4 $2 {instigates an inappropriate tactical
'solution'...} Nf4 11. exd6 Bxb2 12. dxe7 Qd7 $1 {[%csl Rg2] ...as white
failed to reckon with the fact that the knight has been 'driven away' to an
excellent outpost from where it supports counterplay against g2.} 13. exf8=Q+
Kxf8 14. Nc3 Qg4 15. g3 Bxa1 16. Re4 Bxc3 17. Rxf4 Qd7 $1 {[%cal Yd7d1]} 18.
Ng5 f5 $17) 10... a5 $5 11. Nbd2 (11. a4 {[%csl Rb4,Gd5] would strengthen the
knight on d5, since any later advance of the c-pawn to c4 would have serious
implications for the b4 square.}) 11... a4 12. Nc4 (12. h3 $4 a3) 12... Bg4 13.
h3 Bxf3 14. Qxf3 Nb4 $1 15. exd6 exd6 16. Bxg7 Kxg7 17. Ne3 Re8 {[%csl Yc2]
[%cal Ge8e3,Yb4c2] black's potential activity on the a-file, and the tactical
possibility of Rxe3 and Nxc2 is comfortably sufficient to hold the balance.}
18. bxa4 Qd7 19. Qd1 Nd5 20. c4 Nxe3 21. fxe3 Qa7 $11 {de Gleria,F - Wells,P
Koszeg 1998.}) 5... Nf6 6. Re1 O-O 7. Bxc6 bxc6 8. e5 {[%csl Ge5][%cal Ya3c4,
Yf3e5,Ye1e5]} Nd5 9. d3 d6 10. Nc4 {[%cal Rg7e5]} h6 (10... Bf5 $6 11. exd6
exd6 12. Bg5 $1 $36) 11. Bd2 (11. h3 $6 Be6 12. Bd2 Qd7 13. Qc1 Kh7 14. Re4 g5
15. Bxg5 hxg5 16. Qxg5 Bf5 17. Rh4+ Kg8 18. g4 Bg6 19. Re1 dxe5 20. Nfxe5 Qe6
21. Qd2 Nb6 22. Nxg6 Qxg6 23. Ne5 Qd6 24. Rh5 Nd5 25. Rg5 Qh6 26. Nf3 f6 27.
Rf5 Qxd2 28. Nxd2 Rae8 29. Re6 Kf7 30. Rxc6 e6 31. Rf3 Rc8 32. Ra6 Rc7 33. c3
Rb8 34. Nc4 Ke7 35. h4 Nb6 {Benjamin,J-Kramnik,V/New York 1994/0-1 (61)}) 11...
Bf5 $1 {[%csl Ye4]} (11... Rb8 12. Qc1 Kh7 13. Re4 $1 f5 (13... g5 $5) 14. Rh4
h5 {[%csl Rg5]} 15. Ng5+ Kg8 16. f4 Nb6 17. Bc3 d5 18. Na5 Qc7 19. Nb3 Na4 20.
Ba5 Qb7 21. c4 $1 Qa6 22. Rh3 $16 {[%csl Rc5,Rc8,Rg7] Campora,D - Antunes,A/
Candas (op) 1992. Black's bishops sorely lack scope, and his position is
riddled with weak squares and weak pawns.}) 12. h3 (12. Qc1 Kh7) 12... Qd7 13.
Qe2 Rae8 14. a3 Nb6 15. Bf4 (15. Ne3 Be6 16. Bc3 $140 Na4) 15... g5 $5 {
[%csl Ye6,Yg6,Yh7] To some extent this is a luxury afforded by the two bishops.
Normally such a move carries the danger of light square weaknesses, but here
this hardly applies. Indeed black is precisely trying to gain space for his
light-squared bishop to highlight his superiority on these squares.} 16. Bg3
Bg6 17. h4 Nxc4 18. dxc4 g4 19. Nh2 h5 20. Qd2 Qf5 21. exd6 exd6 22. c3 $1 {
An important decision. Both sides have weaknesses. After this move both will
be able to cover them. After the alternative...} (22. Bxd6 $2 {both sides get
to take them off!} Rxe1+ 23. Rxe1 Rd8 24. Qf4 (24. b4 g3 $1) 24... Qxf4 25.
Bxf4 Bxb2 {[%csl Ra3,Ra7,Rc2,Rc4,Rc5,Rc6,Rh2][%cal Yg6c2,Yg7b2] in this open
position black's sweeping bishop pair ensures that white's weaknesses will be
the easier to hit. The knight on h2 also requires valuable tempi to
recentralise. White's decision to undertake this in a more closed setting is
therfore clearly correct.}) 22... Rxe1+ 23. Rxe1 Rd8 24. Nf1 d5 25. Ne3 Qd7 $4
(25... Qd3 $142 26. Qxd3 Bxd3 27. Rd1 Be4 $15) 26. cxd5 cxd5 27. Bf4 $4 (27.
Nxd5 $142 $1 $16 Qxd5 $4 28. Re8+ $18) 27... Re8 28. c4 $1 {An excellent move,
securing an outpost for the knight which proves just sufficient to hold the
balance.} d4 29. Nd5 {[%csl Yd5]} Rxe1+ 30. Qxe1 Kh7 31. Bg5 Qf5 32. b4 cxb4
33. axb4 d3 34. Bd2 Bd4 35. Bc3 Qe4 36. Qxe4 Bxe4 37. Bxd4 Bxd5 38. Kf1 Bxg2+ (
38... Bxc4 39. Ke1 $11) 39. Ke1 a6 40. Kd2 Be4 41. Ke3 Kg6 42. Bc3 Kf5 43. Bd2
Ke5 1/2-1/2

[Event "Bad Homburg"]
[Site "Bad Homburg"]
[Date "1998.07.24"]
[Round "7"]
[White "Svidler, Peter"]
[Black "Gabriel, Christian"]
[Result "1-0"]
[WhiteElo "2690"]
[BlackElo "2555"]
[Annotator "Svidler,P"]
[PlyCount "69"]
[EventDate "1998.07.17"]
[EventType "tourn"]
[EventRounds "9"]
[EventCountry "GER"]
[EventCategory "13"]
[SourceTitle "CBM 066"]
[Source "ChessBase"]
[SourceDate "1998.09.30"]
[SourceVersion "1"]
[SourceVersionDate "1998.09.30"]
[SourceQuality "1"]

1. e4 e5 2. Nf3 Nc6 3. Bb5 a6 4. Ba4 Nf6 5. O-O Be7 6. Re1 b5 7. Bb3 d6 8. c3
O-O 9. h3 Nd7 10. d4 Bf6 11. a4 Bb7 12. d5 (12. Na3 exd4 13. cxd4 Re8 14. Qd2
$5 Re7 $5) 12... Ne7 13. axb5 axb5 14. Rxa8 Qxa8 (14... Bxa8 15. Na3 Qb8 16.
Nxb5 Nc5 (16... c6)) 15. Na3 Ba6 16. Be3 (16. Nh2 Ng6 (16... g6) 17. g3 $14 {
1/2-1/2 Lanka,Z-Svidler,P/EU-chTM 1997/EXP 57 (28)}) 16... Nc5 (16... c6 $2 17.
dxc6 Qxc6 18. Nc2) (16... g6) (16... Rb8) 17. Bc2 c6 18. b4 Nd7 19. c4 $5 bxc4
20. Ba4 (20. dxc6 Qxc6 21. b5 (21. Ba4 Qc7 $15) 21... Bxb5 22. Nxb5 Qxb5 23.
Ba4 Qb7 24. Qxd6 Rd8) 20... Bb7 $6 (20... cxd5 $1 21. Bxd7 d4 $1 (21... dxe4
22. Nh2 d5 23. Ng4) (21... Bc8 22. Ba4 d4 23. Nxc4 (23. Bc1 c3 $13) 23... dxe3
24. Rxe3 $14) 22. Nxd4 $5 (22. Bc1 c3 23. b5 Bb7) 22... exd4 23. Bxd4 Bxd4 24.
Qxd4 Bc8 $1 25. Bxc8 Qxa3 26. Bg4 Qxb4 27. Rc1 $11) 21. Nxc4 $36 cxd5 22. Nxd6
dxe4 23. Nh2 $5 (23. Nxb7 Qxb7 24. Qxd7 Qxd7 25. Bxd7 exf3 26. gxf3 $16) 23...
Bc6 (23... Rd8 $2 24. Nxf7 Kxf7 25. Bxd7 Kf8 26. Bb6) 24. b5 (24. Bxc6 Nxc6 25.
b5 Nd4 26. Bxd4 exd4 27. Nxe4 $14) 24... Bd5 25. b6 (25. Ng4 h5 $1) 25... Rd8 (
25... Bc6 26. Bb3 {>< f7}) 26. Bxd7 (26. Ng4 Qb8 $1 27. Ne8 $5 Rxe8 28. Bxd7
Rd8 $13) 26... Rxd7 27. Nxe4 Kh8 $6 (27... Qc6 28. Nc5 $1 Rd8 29. b7 Ng6 (29...
Nf5 $2 30. Qb1 $18) 30. Re2 $1 Rb8 (30... Be7 31. Rd2 $18) 31. Rd2 Bc4 32. Rd6
Qb5 33. Nd7 Rxb7 34. Nxf6+ gxf6 35. Ng4 $40) 28. Nxf6 gxf6 29. Qh5 $1 Ng6 (
29... Bxg2 30. f3 Qg8 31. Kf2 $8 (31. Qg4 $2 Bxh3) 31... Nd5 (31... Rd3 32. Ng4
Nd5 33. b7 Rb3 34. Nxf6 $1 $18) 32. Ng4 Nxe3 33. Nxf6 $1 Bxf3 34. Qxf3 (34.
Qxe5 $5 Nc4 35. Qe8 Rd2+ 36. Kxf3 Rd3+ 37. Kf2 Qxe8 38. Rxe8+ Kg7 39. b7 Rb3
40. Nh5+ Kh6 41. b8=Q Rxb8 42. Rxb8 Kxh5 $16) 34... Rd2+ 35. Re2 Qd8 36. b7 $18
) 30. Ng4 Rd6 31. Rd1 $1 f5 32. Bc5 (32. Qxf5 Be4 33. b7 $3 Rxd1+ (33... Qxb7
34. Rxd6 Bxf5 35. Rd8+ Nf8 36. Rxf8+ Kg7 37. Bh6+ Kg6 38. Rg8+ Kh5 39. Rg5+ Kh4
40. Nf6 $18) 34. Kh2 Qd8 (34... Qxb7 35. Qf6+ Kg8 36. Bh6 $18) 35. Qxe4 $18)
32... Nf4 (32... Re6 33. Qxf5 Bxg2 34. Qxf7 Nf4 35. Be7 $18) 33. Qxf5 Bb3 34.
Qxe5+ f6 35. Qxf4 1-0

[Event "Bad Homburg"]
[Site "Bad Homburg"]
[Date "1998.07.25"]
[Round "8"]
[White "Svidler, Peter"]
[Black "Lobron, Eric"]
[Result "1-0"]
[WhiteElo "2690"]
[BlackElo "2540"]
[Annotator "Baburin,A"]
[PlyCount "85"]
[EventDate "1998.07.17"]
[EventType "tourn"]
[EventRounds "9"]
[EventCountry "GER"]
[EventCategory "13"]
[SourceTitle "CBM 066"]
[Source "ChessBase"]
[SourceDate "1998.09.30"]
[SourceVersion "1"]
[SourceVersionDate "1998.09.30"]
[SourceQuality "1"]

1. e4 c6 2. d4 d5 3. e5 Bf5 4. Nf3 e6 5. Be2 Ne7 6. O-O Nd7 7. Nh4 c5 8. c3
Bxb1 9. Rxb1 Nc6 10. Nf3 Be7 11. a3 Rc8 12. Bd3 Nb6 13. Qe2 cxd4 14. cxd4 a6
15. b3 Qd7 16. Qb2 Na7 17. Bf4 O-O 18. h4 {A typical idea for such positions -
White, who already has more space on the kingside thanks to his e5-pawn, aims
to weaken the opponent's position on that wing. This forces Black to try to
distract White from his plans of attacking on the kingside.} Nb5 19. a4 Nc3 20.
Rbc1 Ne4 21. Qb1 $1 h6 22. a5 Na8 23. Bxe4 dxe4 24. Qxe4 Rfd8 25. Rc4 b5 26.
Rxc8 Rxc8 27. Rd1 Qd5 28. Qxd5 exd5 29. h5 $1 (29. Rc1 $6 Rxc1+ 30. Bxc1 Nc7
31. Bd2 Ne6 {with a further ...Ne6-d8-c6 and ...Bd8.}) 29... Kf8 30. e6 fxe6
31. Re1 Kf7 32. Ne5+ Ke8 33. Re3 Bf6 34. Ng4 Kf7 35. Nxf6 gxf6 36. Rg3 Rg8 37.
Rxg8 Kxg8 38. Bxh6 Nc7 39. Bf4 e5 40. dxe5 Ne6 41. g3 f5 42. Kg2 Kh7 43. Bd2
1-0

[Event "RUS-ch51"]
[Site "St Petersburg"]
[Date "1998.07.30"]
[Round "3"]
[White "Svidler, Peter"]
[Black "Dvoirys, Semen I"]
[Result "1/2-1/2"]
[WhiteElo "2710"]
[BlackElo "2585"]
[PlyCount "108"]
[EventDate "1998.07.28"]
[EventType "swiss"]
[EventRounds "11"]
[EventCountry "RUS"]
[SourceTitle "CBM 067"]
[Source "ChessBase"]
[SourceDate "1998.11.30"]
[SourceVersion "2"]
[SourceVersionDate "1998.11.01"]
[SourceQuality "1"]

1. e4 c5 2. Nf3 d6 3. d4 cxd4 4. Nxd4 Nf6 5. Nc3 a6 6. Be3 e5 7. Nb3 Be6 8. f3
Nbd7 9. Qd2 Rc8 10. g4 Be7 11. O-O-O Nb6 12. Kb1 Nc4 13. Bxc4 Rxc4 14. g5 Nh5
15. Nd5 Bxd5 16. Qxd5 Qc7 17. Na5 Rxc2 18. Rc1 Rxc1+ 19. Rxc1 Qd7 20. Nxb7 O-O
21. Na5 Nf4 22. Bxf4 exf4 23. Nc6 g6 24. h4 Re8 25. Ne5 Qe6 26. Qxe6 fxe6 27.
Nd3 h6 28. gxh6 Kh7 29. Nxf4 Bxh4 30. Rc6 Rf8 31. Nxe6 Rxf3 32. Rxd6 Bf6 33.
Nf8+ Kxh6 34. Nxg6 Rf1+ 35. Kc2 Rf2+ 36. Kd3 Kxg6 37. e5 Rxb2 38. Rxf6+ Kg5 39.
Rf8 Kg6 40. e6 Rb7 41. Kd4 Kg7 42. Rf2 a5 43. Ke5 a4 44. Rd2 Rb5+ 45. Kd6 Kf8
46. Rd4 Rb6+ 47. Kd7 Rb7+ 48. Kd8 Rb8+ 49. Kc7 Rb2 50. Rxa4 Ke7 51. Ra6 Rc2+
52. Kb7 Rb2+ 53. Ka7 Kd8 54. a4 Kc7 1/2-1/2

[Event "RUS-ch51"]
[Site "St Petersburg"]
[Date "1998.08.05"]
[Round "9"]
[White "Svidler, Peter"]
[Black "Smagin, Sergey"]
[Result "1-0"]
[WhiteElo "2710"]
[BlackElo "2575"]
[Annotator "Wedberg,T"]
[PlyCount "70"]
[EventDate "1998.07.28"]
[EventType "swiss"]
[EventRounds "11"]
[EventCountry "RUS"]
[SourceTitle "CBM 067"]
[Source "ChessBase"]
[SourceDate "1998.11.30"]
[SourceVersion "2"]
[SourceVersionDate "1998.11.01"]
[SourceQuality "1"]

{[%mdl 2496] Black over-optimistically throws his forces forward on the Q-side,
but then a few silent White moves later he desperatly have to give all his
gains back with interest to prevent mate. Again Svidler shows his
understanding of the White side of the Spanish.} 1. e4 e5 2. Nf3 Nc6 3. Bb5 a6
4. Ba4 Nf6 5. O-O Be7 6. Re1 b5 7. Bb3 O-O 8. c3 d6 9. h3 Nd7 10. d4 Bf6 11. a4
Bb7 12. Na3 ({For the more positionally minded the line to play is} 12. axb5
axb5 13. Rxa8 Qxa8 14. d5 Ne7 15. Na3 Ba6 16. Be3 Qb8 (16... c6 17. dxc6 Qxc6
18. Nc2 Bb7 19. Nb4 Qc7 20. Nd5 Bxd5 21. Bxd5 $14 {1/2-1/2 Dimitrov,V-Brenjo,S/
Jagodina 1998/EXP 65 (57)}) 17. Nc2 Nc5 18. Nb4 Bb7 19. Bc2 Na6 20. Nxa6 Bxa6
21. Qe2 Bc8 22. Ra1 Bd7 23. Qd3 c6 24. dxc6 Bxc6 25. Ra6 Rd8 26. Nh2 Qc8 27.
Ra7 $14 {1-0 Fritz5-Beliavsky,A/Frankfurt 1998/EXP 65 (54)}) 12... exd4 13.
cxd4 Re8 14. Bf4 Na5 15. Bc2 b4 16. Nb1 Nf8 (16... c5 17. Nbd2 Qc7 18. Rc1 Rad8
19. Bb1 g6 20. Qc2 Qb6 21. dxc5 Nxc5 {0,5/Luther,T-Lalic,B/Hastings 9596/CBM
51/[Hansen,Cu] (21)}) (16... b3 17. Bd3 c5 18. Nbd2 cxd4 19. Bxd6 Qb6 20. e5
Be7 21. Ne4 Rad8 22. Qc1 Bxe4 23. Bc7 Qb4 24. Bxe4 Nc5 25. Bxd8 Rxd8 $44 {
Ernst,Th-Tisdall,J/Gausdal 52/350 1991 (44)}) (16... g6 17. Nbd2 Nf8 18. Bg3
Ne6 19. Nb3 Nxb3 20. Bxb3 c5 21. d5 Nd4 22. Nxd4 Bxd4 23. Re2 Qf6 $10 {
Hermansson,E-Barkhagen,J/SWE-ch op Vaxjo ,EXT 92ch 1992 (35)}) 17. Nbd2 Ne6 18.
Be3 c5 19. d5 Nf8 20. Rb1 c4 21. Qe2 Rc8 22. Nh2 b3 $146 (22... Nd7 23. Ng4 Bg5
24. f4 Bh4 25. Rf1 b3 26. Bd1 f5 27. exf5 Nb6 $132 {0-1 Jonczyk,W-Murdzia,P/
Polanica Zdroj 1993/EXT 93op2 (41)}) 23. Bd1 Nd7 24. Ng4 Bxb2 $6 {Dubious,
because Black loses control over the black squares. The black P:s look much
more dangerous than they actually are.} (24... Bg5 $142) 25. Rxb2 c3 26. Rb1
cxd2 $6 (26... c2 $142 27. Rc1 cxd1=Q 28. Rcxd1 $14) 27. Bxd2 Nc5 (27... Bxd5
28. Nh6+ $1 (28. Qxa6 Nc4) 28... gxh6 29. Qg4+ Kh8 30. exd5 $16) 28. Qf3 Nc4
29. Bc3 $40 {Black suffers from the absence of defenders on the K-side. White
threatens to win easily with the standard attack starting with Nf6+.} f5 (29...
Nxa4 $2 30. Nf6+ $1 $40) 30. Qxf5 Rc7 31. Bxb3 $18 Rf8 32. Nf6+ $1 {A nice
touch to conclude a rather strange game.} gxf6 33. Bxc4 Rg7 34. Re3 Bc8 35. Qf4
Nxa4 (35... Nxa4 36. Bd4 $18) 1-0

[Event "RUS-ch51"]
[Site "St Petersburg"]
[Date "1998.08.06"]
[Round "10"]
[White "Svidler, Peter"]
[Black "Sakaev, Konstantin"]
[Result "1/2-1/2"]
[WhiteElo "2710"]
[BlackElo "2635"]
[PlyCount "36"]
[EventDate "1998.07.28"]
[EventType "swiss"]
[EventRounds "11"]
[EventCountry "RUS"]
[SourceTitle "CBM 067"]
[Source "ChessBase"]
[SourceDate "1998.11.30"]
[SourceVersion "2"]
[SourceVersionDate "1998.11.01"]
[SourceQuality "1"]

1. e4 e5 2. Nf3 Nf6 3. Nxe5 d6 4. Nf3 Nxe4 5. d4 d5 6. Bd3 Nc6 7. O-O Be7 8. c4
Nb4 9. Be2 O-O 10. a3 Nc6 11. cxd5 Qxd5 12. Nc3 Nxc3 13. bxc3 Bf5 14. Bf4 Na5
15. Bxc7 Rac8 16. Bxa5 Qxa5 17. c4 Bf6 18. Qb3 Qb6 1/2-1/2

[Event "RUS-ch51"]
[Site "St Petersburg"]
[Date "1998.08.07"]
[Round "11"]
[White "Shipov, Sergei"]
[Black "Svidler, Peter"]
[Result "1/2-1/2"]
[WhiteElo "2635"]
[BlackElo "2710"]
[Annotator "King,D"]
[PlyCount "38"]
[EventDate "1998.07.28"]
[EventType "swiss"]
[EventRounds "11"]
[EventCountry "RUS"]
[SourceTitle "CBM 067"]
[Source "ChessBase"]
[SourceDate "1998.11.30"]
[SourceVersion "2"]
[SourceVersionDate "1998.11.01"]
[SourceQuality "1"]

1. d4 Nf6 2. c4 g6 3. Nc3 Bg7 4. e4 O-O 5. Nf3 d6 6. Be2 Na6 7. O-O e5 8. Be3
Ng4 9. Bg5 Qe8 10. dxe5 h6 11. Bd2 dxe5 12. h3 Nf6 13. Be3 Qe7 14. a3 c6 15. b4
Nh5 {Moving the knight to h5 makes far more sense in this position: it is
actually likely to end up on f4; or at the very least the threat of it keeps
White on his toes. This variation makes a solid impression from Black's point
of view.} 16. c5 (16. Re1 Rd8 (16... Qf6 17. c5 Nc7 18. Ra2 Be6 19. Rd2 Nf4 20.
Bf1 a5 21. b5 cxb5 22. Nxb5 Nxb5 23. Bxb5 Rfd8 24. Bf1 Bf8 25. Kh2 Rdc8 26. g3
Nh5 27. Rb2 Bxc5 28. Bxh6 Bxa3 29. Bg5 Bxb2 30. Bxf6 Nxf6 31. Ng5 Rc6 32. Qa4
Bd4 33. Nxe6 Rxe6 34. Bc4 Rb6 35. Re2 Kg7 36. Qa2 a4 37. Bxf7 a3 38. Bb3 Nd7
39. Rc2 Nc5 40. Rxc5 Bxc5 41. Qc2 {Van Wely,L-Shirov,A/Amber-blind6th 1997/0-1
(58)}) (16... Nf4 17. Bf1 Rd8 18. Qc2 Ne6 19. Rad1 Nd4 20. Bxd4 exd4 21. Na4 b6
(21... c5 $5 22. Qb2 b6 $15) 22. c5 $1 b5 23. Nb2 $14 {0-1 Lyrberg,P-Ryskin,A/
Minsk 1994 (44)}) 17. Qc1 Kh7 18. Ra2 Nc7 19. Rd2 Re8 20. Bf1 Ne6 21. Qd1 Ng5
22. Nxg5+ hxg5 23. Be2 Nf4 24. Bg4 Ne6 25. Ne2 a5 26. c5 axb4 27. axb4 Nf8 28.
Bxc8 Raxc8 29. Qc2 Ne6 30. Red1 Rcd8 31. Rxd8 {1/2-1/2 Iskusnyh,S-Svidler,P/
Russian Club Cup 1998}) 16... Rd8 17. Qc1 Kh7 {Svidler does not rush.} (17...
Nf4 {is perhaps a little eager:} 18. Bxf4 exf4 19. e5 g5 20. Bxa6 bxa6 21. Ne4
Bxe5 22. Nxe5 (22. Re1 Bg7 23. Ra2 Be6 24. Rae2 $44 {Hjartarson,J-Apicella,M/
ISD-FRA/1993/1-0 (42)}) 22... Qxe5 23. Nd6 Be6 24. Re1 Qf6 25. Qd1 a5 26. Qf3
Bd5 $15 {1/2-1/2 Mikhalchishin,A-Ryskin,A/Ljubljana op 1994 (41)}) 18. Rd1 Be6
19. Qc2 Nc7 {There is not a great deal that White can achieve.} 1/2-1/2

[Event "Olympiad-33"]
[Site "Elista"]
[Date "1998.10.06"]
[Round "8.1"]
[White "Fedorov, Alexei"]
[Black "Svidler, Peter"]
[Result "0-1"]
[WhiteElo "2600"]
[BlackElo "2710"]
[Annotator "Bangiev,A"]
[PlyCount "64"]
[EventDate "1998.09.29"]
[EventType "team-swiss"]
[EventRounds "13"]
[EventCountry "RUS"]
[SourceTitle "CBM 068"]
[Source "ChessBase"]
[SourceDate "1999.02.01"]
[SourceVersion "1"]
[SourceVersionDate "1999.02.01"]
[SourceQuality "1"]
[WhiteTeam "Belarus"]
[BlackTeam "Russia"]
[WhiteTeamCountry "BLR"]
[BlackTeamCountry "RUS"]

1. e4 e5 2. f4 exf4 3. Nf3 d5 4. exd5 Nf6 5. Bc4 Nxd5 6. O-O Be7 7. Bb3 O-O 8.
c4 Nf6 9. d4 Bg4 10. Bxf4 Nc6 11. Be3 $146 (11. d5 Bc5+ 12. Kh1 Nd4 13. Nc3 (
13. Nbd2 Re8 14. Re1 Qd7 15. Rxe8+ Rxe8 16. Qf1 Nxf3 17. Nxf3 Ne4 18. Bg3 Nxg3+
19. hxg3 Bxf3 20. Qxf3 Qd6 21. Qf4 Re5 22. Qh4 Bf2 23. Qd8+ {0-1 De Oliveira,
P-De Souza,M/Sao Paulo 1997/CBM 60 ext (23)}) 13... Nxf3 14. gxf3 Bh3 15. Re1
Nh5 16. Bg3 Nxg3+ 17. hxg3 Bf2 18. Re5 Bxg3 19. Rh5 Bf5 20. Qd4 Bg6 21. Rh3 Qd6
22. Qg4 Be5 23. c5 Qxc5 24. Ne4 Qe7 25. Re1 Bxb2 26. Re2 Bf6 27. Reh2 Rfe8 28.
d6 cxd6 29. Qxg6 Qc7 30. Nxf6+ {1-0 Jacobs,B-Jackson,S/London 1979/MCD (30)}) (
11. Nc3 Bxf3 12. Qxf3 Nxd4 13. Qxb7 Rb8 14. Qxa7 Nxb3 15. axb3 Rxb3 16. Bxc7
Qc8 17. Rfe1 Rb7 18. Rxe7 Rxa7 19. Rxa7 Qg4 20. Be5 Qxc4 21. h3 Nd5 22. Nxd5
Qxd5 23. Kh2 h6 24. Rad7 Qc6 25. Rc7 Qa4 26. Rb7 Qd1 27. b4 Qd5 28. b5 Rc8 29.
Rbd7 Qxb5 30. Rb7 Qc5 31. Bg3 Qf5 32. Re5 Qf6 33. Re2 Rc1 34. Rf2 Qa1 35. Bd6
Rh1+ 36. Kg3 Qc3+ 37. Rf3 Qe1+ 38. Kf4 Qd2+ 39. Kg3 Qxd6+ {0-1 Geuljans,S-De
Heer,M/NLD-chT9596 1995/EXT 99 (39)}) 11... Bxf3 12. gxf3 (12. Rxf3 Ng4 $17)
12... Re8 13. Qd2 (13. Nc3 Bc5 $17) 13... Nh5 (13... Qd7 14. d5 Ne5 15. Nc3)
14. d5 (14. Nc3 Na5 $1 (14... Bf6 15. Nd5) (14... g6 15. c5 $5) 15. Bc2 Nxc4 $1
16. Qd3 Bf6 17. Rae1 (17. Qxc4 Rxe3 $17) (17. Qxh7+ Kf8 $17) 17... Rxe3 $17) (
14. c5 $2 Bf6) 14... Ne5 15. c5 $5 (15. Nc3 b6 16. Rae1 Bd6 17. Nb5 (17. Ne4
Nxf3+ 18. Rxf3 Rxe4) 17... Qh4 18. Nxd6 cxd6 $36) 15... b6 $1 16. d6 cxd6 17.
cxb6 axb6 18. Nc3 Nf6 19. Rad1 $44 Rc8 20. Qg2 Nc4 21. Bd4 Bf8 22. Rd3 d5 23.
Kh1 Ne5 24. Re3 Bc5 25. Rxe5 Bxd4 26. Rg5 g6 27. Nxd5 Rc5 28. f4 Ne4 29. h4 Kh8
30. Nb4 Nxg5 31. fxg5 Rf5 32. Nc6 Qd6 0-1